| 000 | 01580nam a2200313 i 4500 | ||
|---|---|---|---|
| 001 | 102253 | ||
| 003 | ES-MaACL | ||
| 005 | 20260525062931.0 | ||
| 007 | t| | ||
| 008 | 051107s1940 ag |||| | spa d | ||
| 080 | _a821.134.2 Cervantes Saavedra, Miguel de 7 Quijote.07 | ||
| 080 | _a821.134.2 Vega, Lope de 1.07 | ||
| 080 | _a177.1(0:82) | ||
| 080 | _a821.134.2-2.09"15/16" | ||
| 100 | 1 |
_aMenéndez Pidal, Ramón, _d1869-1968 _980315 |
|
| 245 | 1 | 0 |
_aDe Cervantes y Lope de Vega / _cRamón Menéndez Pidal. |
| 260 |
_aBuenos Aires : _bEspasa-Calpe, _c1940. |
||
| 300 |
_a188 p. ; _c18 cm. |
||
| 490 | 1 |
_aColección Austral ; _v120 |
|
| 505 | 8 | _aContiene: Un aspecto de la elaboración del "Quijote": "Se publicó por primera vez este trabajo en el Ateneo Científico, Literario y Artístico de Madrid. Discurso leído en la inauguración del curso de 1920-1921 por Ramón Menéndez Pidal, presidente del Ateneo, el día 1 de diciembre de 1920..." ; El hogar de Lope de Vega; Lope de Vega: el arte nuevo y la nueva biografía ; Del honor en el teatro español | |
| 600 | 1 | 4 |
_aCervantes Saavedra, Miguel de, _d1547-1616. _tDon Quijote de la Mancha- _xCrítica e interpretación _937618 |
| 600 | 1 | 4 |
_aVega, Lope de, _d1562-1635- _xCrítica e interpretación _9113565 |
| 610 | 2 | 4 |
_aAteneo de Madrid- _vDiscursos de apertura- _yS.XX. _91913 |
| 650 | 4 |
_aHonor- _xEn la literatura. _9160193 |
|
| 650 | 4 |
_aTeatro español- _yS.XVI-XVII- _xHistoria y crítica. _917353 |
|
| 830 | 1 |
_aColección austral _v120 _9177655 |
|
| 852 | 4 |
_aES-MaACL _jA-5252 |
|
| 999 |
_c102253 _d102253 |
||